<?xml version="1.0" encoding="UTF-8"?>
<record
    xmlns:xsi="http://www.w3.org/2001/XMLSchema-instance"
    xsi:schemaLocation="http://www.loc.gov/MARC21/slim http://www.loc.gov/standards/marcxml/schema/MARC21slim.xsd"
    xmlns="http://www.loc.gov/MARC21/slim">

  <leader>03725nam a2200409 a 4500</leader>
  <controlfield tag="003">CHAP</controlfield>
  <controlfield tag="005">20240614121343.0</controlfield>
  <controlfield tag="007">ta</controlfield>
  <controlfield tag="008">240614s2021    mx abdofom||| 001 0 spa d</controlfield>
  <datafield tag="040" ind1=" " ind2=" ">
    <subfield code="e">rda</subfield>
  </datafield>
  <datafield tag="041" ind1="0" ind2=" ">
    <subfield code="a">spa</subfield>
    <subfield code="b">eng</subfield>
  </datafield>
  <datafield tag="100" ind1="1" ind2=" ">
    <subfield code="9">189213</subfield>
    <subfield code="a">Garc&#xED;a Ledesma, Veronica</subfield>
  </datafield>
  <datafield tag="245" ind1="1" ind2="0">
    <subfield code="a">Propuesta de indicaci&#xF3;n geogr&#xE1;fia mediante el an&#xE1;lisis de la cadena productiva del pulque en la regi&#xF3;n oriente del estado de M&#xE9;xico / </subfield>
    <subfield code="c">Herany Veronica Garc&#xED;a Ledesma Y Luis Arturo Garc&#xED;a Ledesma</subfield>
  </datafield>
  <datafield tag="264" ind1=" " ind2="0">
    <subfield code="a">Chapingo, M&#xE9;xico :</subfield>
    <subfield code="b">El autor,</subfield>
    <subfield code="c">2021</subfield>
  </datafield>
  <datafield tag="300" ind1=" " ind2=" ">
    <subfield code="a">1 recurso en l&#xED;nea (113 p&#xE1;ginas) : </subfield>
    <subfield code="b">ilustraciones, tablas, gr&#xE1;ficas, mapas, fotos</subfield>
  </datafield>
  <datafield tag="336" ind1=" " ind2=" ">
    <subfield code="2">rdacontent</subfield>
    <subfield code="a">texto</subfield>
    <subfield code="b">txt</subfield>
  </datafield>
  <datafield tag="337" ind1=" " ind2=" ">
    <subfield code="2">rdamedia</subfield>
    <subfield code="a">computadora</subfield>
    <subfield code="b">c</subfield>
  </datafield>
  <datafield tag="338" ind1=" " ind2=" ">
    <subfield code="2">rdacarrier</subfield>
    <subfield code="a">recurso en l&#xED;nea</subfield>
    <subfield code="b">cr</subfield>
  </datafield>
  <datafield tag="502" ind1=" " ind2=" ">
    <subfield code="a">Tesis</subfield>
    <subfield code="b">IA</subfield>
    <subfield code="c">Agroindustrias</subfield>
    <subfield code="d">2021</subfield>
    <subfield code="g">LIC</subfield>
  </datafield>
  <datafield tag="504" ind1=" " ind2=" ">
    <subfield code="a">Bibliograf&#xED;a : 94-97 p&#xE1;ginas</subfield>
  </datafield>
  <datafield tag="520" ind1="3" ind2=" ">
    <subfield code="a">El escenario econ&#xF3;mico en el que se desarrolla la sociedad actualmente est&#xE1; permeado por procesos de intercambio comercial condicionados por la globalizaci&#xF3;n, la cual ha incidido en las tendencias de consumo y decisiones de compra. Ha modificado la estructura y coordinaci&#xF3;n entre los distintos eslabones de las cadenas agroalimentarias en gran parte debido a que su permanencia en el mercado depende de las oportunidades y tendencias en un estrato de mercado al que est&#xE9;n destinados y de los par&#xE1;metros de calidad y atributos que &#xE9;ste mercado demanda y valora; estrategias que permitan diferenciar los productos desde su origen y considerar la demanda, expectativas de los consumidores y promover atributos tangibles e intangibles como elementos de diferenciaci&#xF3;n. Para M&#xE9;xico, un pa&#xED;s megadiverso, la protecci&#xF3;n de sus productos agroalimentarios es una oportunidad, aprovechada de manera eficiente, los productos industriales son inocuos y a simple vista atractivos para un estrato de consumo, sin embargo, carecen de elementos intangibles que pueden hacer &#xFA;nico al producto, como la identidad, la cultura asociada a su proceso, la tradici&#xF3;n e historia y el mismo producto. Existen antecedentes sobre esta protecci&#xF3;n, tal es el caso de las denominaciones de origen, de las cuales, en M&#xE9;xico tenemos hoy d&#xED;a diecis&#xE9;is y se incluyen productos agroalimentarios y no agroalimentarios, a partir de esto es necesario proteger mediante nuevos mecanismos los productos tradicionales de M&#xE9;xico. En el presente trabajo de investigaci&#xF3;n se plantean elementos que funjan como recursos documentados para el uso de las Indicaciones Geogr&#xE1;ficas (IG) como herramienta para distinguir el Pulque producido en la zona oriente del Estado de M&#xE9;xico enalteciendo sus cualidades, reputaci&#xF3;n y caracter&#xED;sticas relacionadas a su lugar de producci&#xF3;n.1</subfield>
  </datafield>
  <datafield tag="650" ind1="1" ind2="3">
    <subfield code="2">atg</subfield>
    <subfield code="9">93009</subfield>
    <subfield code="a">Pulque</subfield>
    <subfield code="x"> Agave salmiana</subfield>
  </datafield>
  <datafield tag="650" ind1="1" ind2="3">
    <subfield code="2">atg</subfield>
    <subfield code="9">93009</subfield>
    <subfield code="a">Pulque</subfield>
    <subfield code="x">Valor de mercado</subfield>
  </datafield>
  <datafield tag="650" ind1="1" ind2="3">
    <subfield code="2">atg</subfield>
    <subfield code="9">93009</subfield>
    <subfield code="a">Pulque</subfield>
    <subfield code="x">Denominaci&#xF3;n de origen protegida</subfield>
  </datafield>
  <datafield tag="650" ind1="1" ind2="3">
    <subfield code="2">atg</subfield>
    <subfield code="9">187570</subfield>
    <subfield code="a">Ciencia del consumidor</subfield>
  </datafield>
  <datafield tag="650" ind1="1" ind2="3">
    <subfield code="2">atg</subfield>
    <subfield code="9">186326</subfield>
    <subfield code="a">Organizaci&#xF3;n industrial y estructura de mercado</subfield>
  </datafield>
  <datafield tag="650" ind1="1" ind2="3">
    <subfield code="2">atg</subfield>
    <subfield code="9">93009</subfield>
    <subfield code="a">Pulque</subfield>
    <subfield code="x">Market value</subfield>
  </datafield>
  <datafield tag="650" ind1="1" ind2="3">
    <subfield code="2">atg</subfield>
    <subfield code="9">93009</subfield>
    <subfield code="a">Pulque</subfield>
    <subfield code="x">Protected designation of origin</subfield>
  </datafield>
  <datafield tag="650" ind1="1" ind2="3">
    <subfield code="2">atg</subfield>
    <subfield code="9">187571</subfield>
    <subfield code="a">Consumer science</subfield>
  </datafield>
  <datafield tag="650" ind1="1" ind2="3">
    <subfield code="2">atg</subfield>
    <subfield code="9">186327</subfield>
    <subfield code="a">Industrial organization and market structure</subfield>
  </datafield>
  <datafield tag="700" ind1="1" ind2=" ">
    <subfield code="9">189214</subfield>
    <subfield code="a">Garc&#xED;a Ledesma, Luis Arturo</subfield>
    <subfield code="e">autor</subfield>
  </datafield>
  <datafield tag="700" ind1="1" ind2=" ">
    <subfield code="9">147446</subfield>
    <subfield code="a">Espejel Garc&#xED;a, Anastacio</subfield>
    <subfield code="e">director</subfield>
  </datafield>
  <datafield tag="700" ind1="1" ind2=" ">
    <subfield code="9">150304</subfield>
    <subfield code="a">Ram&#xED;rez Sep&#xFA;lveda, Marco Favio</subfield>
    <subfield code="e">asesor</subfield>
  </datafield>
  <datafield tag="700" ind1="1" ind2=" ">
    <subfield code="9">163078</subfield>
    <subfield code="a">Barrera Rodr&#xED;guez, Ariadna Isabel</subfield>
    <subfield code="e">asesora</subfield>
  </datafield>
  <datafield tag="856" ind1="4" ind2="0">
    <subfield code="y">DESCARGAR PDF</subfield>
    <subfield code="u">http://10.13.5.2/tesis/tl/2021_IA_Garcia_Ledesma_LuisArturo-Garcia_Ledesma_HeranyVeronica.pdf</subfield>
  </datafield>
  <datafield tag="942" ind1=" " ind2=" ">
    <subfield code="2">Clasificaci&#xF3;n Universidad Aut&#xF3;noma Chapingo</subfield>
    <subfield code="c">TD</subfield>
  </datafield>
  <datafield tag="999" ind1=" " ind2=" ">
    <subfield code="c">219992</subfield>
    <subfield code="d">219992</subfield>
  </datafield>
  <datafield tag="952" ind1=" " ind2=" ">
    <subfield code="0">0</subfield>
    <subfield code="1">0</subfield>
    <subfield code="2">local</subfield>
    <subfield code="4">0</subfield>
    <subfield code="7">0</subfield>
    <subfield code="8">TesDigL</subfield>
    <subfield code="a">IA_</subfield>
    <subfield code="b">IA_</subfield>
    <subfield code="c">E_L</subfield>
    <subfield code="d">2024-06-14</subfield>
    <subfield code="e">El autor</subfield>
    <subfield code="l">0</subfield>
    <subfield code="p">1201013873</subfield>
    <subfield code="r">2024-06-14 00:00:00</subfield>
    <subfield code="w">2024-06-14</subfield>
    <subfield code="y">TD</subfield>
  </datafield>
  <datafield tag="952" ind1=" " ind2=" ">
    <subfield code="0">0</subfield>
    <subfield code="1">0</subfield>
    <subfield code="2">local</subfield>
    <subfield code="4">0</subfield>
    <subfield code="5">1</subfield>
    <subfield code="7">0</subfield>
    <subfield code="8">TesDigL</subfield>
    <subfield code="a">BD</subfield>
    <subfield code="b">BD</subfield>
    <subfield code="c">E_L</subfield>
    <subfield code="d">2024-09-17</subfield>
    <subfield code="l">0</subfield>
    <subfield code="o">Tesis digital</subfield>
    <subfield code="r">2024-09-17 12:52:53</subfield>
    <subfield code="w">2024-09-17</subfield>
    <subfield code="y">TD</subfield>
  </datafield>
</record>
